| 000 | 01100cam a2200313 i 4500 | ||
|---|---|---|---|
| 001 | 16707195 | ||
| 003 | EG-ScBUE | ||
| 005 | 20230309095040.0 | ||
| 008 | 110325s2012 enka f bd 001 0 eng d | ||
| 020 | _a9780415582599 (pbk. : alk. paper) | ||
| 040 |
_aDLC _beng _erda _cDLC _dDLC _dEG-ScBUE |
||
| 082 | 0 | 4 |
_a791.43 _222 _bINT |
| 245 | 0 | 0 |
_aIntroduction to film studies / _cedited by Jill Nelmes ; foreword by Bill Nicholls. |
| 246 | 3 | 0 | _aFilm studies |
| 250 | _aFifth edition. | ||
| 264 | 1 |
_aLondon ; _aNew York : _bRoutledge, _c2012. |
|
| 300 |
_axxv, 536 pages : _billustrations (some color) ; _c25 cm |
||
| 336 |
_2rdacontent _atext _btxt |
||
| 337 |
_2rdamedia _aunmediated _bn |
||
| 338 |
_2rdacarrier _avolume _bnc |
||
| 500 | _aIncludes glossary. | ||
| 504 | _aIncludes bibliographical references and index. | ||
| 650 | 7 |
_aMotion pictures _xEvaluation. _2BUEsh _936104 |
|
| 653 |
_bCOMAME _cSeptember2014 |
||
| 655 | _vReading book | ||
| 700 | 1 |
_aNelmes, Jill, _d1954- _eeditor. _936105 |
|
| 700 | 1 |
_aNicholls, Billy, _eauthor of introduction, etc. _936106 |
|
| 942 |
_2ddc _k791.43 INT _cBB |
||
| 999 |
_c18404 _d18376 |
||